MARC

Tag First Indicator Second Indicator Subfields
LEADER 00000cam a22000001a 4500
001 in00004152621
005 20200117100443.0
006 m d f
007 cr bn mmmapmmp
008 150924s2015 mdu o f000 0 eng d
035 |a chdc20150719 
040 |a UMI  |c UMI  |d UtOrBLW 
043 |a n-us--- 
086 0 |a Y 4.J 89/1:114-28 
110 1 |a United States.  |b Congress.  |b House.  |b Committee on the Judiciary.  |b Subcommittee on Crime, Terrorism, Homeland Security, and Investigations.  |0 http://id.loc.gov/authorities/names/no2013078730 
245 1 2 |a Analyzing Misconduct in Federal Law Enforcement. 
264 1 |a Bethesda, Md. :  |b ProQuest,  |c 2015. 
300 |a 101 pages, digital, PDF file. 
336 |a text  |b txt  |2 rdacontent 
337 |a computer  |b c  |2 rdamedia 
338 |a online resource  |b cr  |2 rdacarrier 
500 |a Record is based on bibliographic data in ProQuest U.S. Congressional Hearings Digital Collection. Reuse except for individual research requires license from ProQuest, LLC. 
500 |a Electronic resource. 
533 |a Electronic reproduction.  |b [Bethesda, Md.] :  |c ProQuest,  |d 2015.  |e digital, PDF file.  |n ProQuest Congressional Hearings Digital Collection.  |n Mode of access: World Wide Web via ProQuest website. 
538 |a System requirements: PDF reader software. 
610 1 0 |a United States.  |b Secret Service.  |0 http://id.loc.gov/authorities/names/n80003937 
610 1 0 |a United States.  |b Drug Enforcement Administration.  |0 http://id.loc.gov/authorities/names/n79096854 
650 0 |a Sexual harassment  |x Government policy  |z United States. 
651 0 |a United States  |x Officials and employees  |x Discipline. 
776 0 8 |i Microfiche version:   |a United States. Congress. House. Committee on the Judiciary. Subcommittee on Crime, Terrorism, Homeland Security, and Investigations.  |t Analyzing Misconduct in Federal Law Enforcement  |o CIS 2015 H521-38  |w cis20152250 
856 4 0 |u http://proxy.library.tamu.edu/login?url=http://search.proquest.com/congcomp/getdoc?HEARING-ID=HRG-2015-HJH-0027  |y Electronic resource (PDF)  |z CIS 2015-H521-38  |t 0 
998 |a cis20152250 
999 f f |s 7d55ee3d-cc8b-3d89-b16d-b8a5466f9b5e  |i a35abed4-437a-3ab6-b94c-237bc57dfa10  |t 0 
952 f f |a Texas A&M University  |b College Station  |c Electronic Resources  |d Available Online  |t 0  |e Y 4.J 89/1:114-28  |h Superintendent of Documents classification 
998 f f |a Y 4.J 89/1:114-28  |t 0  |l Available Online